000 004960000a22001810004500
020 _a84-85799-24-0
041 0 _aSPA
082 0 4 _aG 297 N624m
100 1 _aNicholson, Reynold Alleyne
245 1 0 _aLos místicos del Islam / Reynold Alleyne Nicholson; Fernando Valera, Traductor
260 _aMadrid, España : Barath
300 _a134 Pag
001 3049
942 _cBK
999 _c33761
_d33761
336 _atexto
_btxt
_2rdacontent
337 _2rdamedia
_asin mediación
_bn
338 _2rdacarrier
_avolumen
_bnc